Cristo y la civilización : (Record no. 166459)

MARC details
000 -LEADER
campo de control de longitud fija 00893nam a2200193 i 4500
001 - NÚMERO DE CONTROL
campo de control 166459
003 - IDENTIFICADOR DE NÚMERO DE CONTROL
campo de control ES-MaACL
005 - FECHA Y HORA DE LA ÚLTIMA TRANSACCIÓN
campo de control 20230906213335.0
008 - DATOS DE LONGITUD FIJA--INFORMACIÓN GENERAL
campo de control de longitud fija 981002q1860 sp |||| | spa d
100 1# - ENTRADA PRINCIPAL--NOMBRE DE PERSONA
Nombre de persona Torralba Pedreño, Federico.
9 (RLIN) 133307
245 10 - MENCIÓN DEL TÍTULO
Título Cristo y la civilización :
Resto del título (lecciones pronunciadas en el Ateneo Científico y Literario de Madrid) /
Mención de responsabilidad, etc. por Federico Torralba, precedida de un juicio crítico de Mr. Anselmo Dubrois.
260 ## - PUBLICACIÓN, DISTRIBUCIÓN, ETC.
Lugar de publicación, distribución, etc. [Madrid :
Nombre del editor, distribuidor, etc. s.n.,
Fecha de publicación, distribución, etc. ca. 1860] (
Fabricante Imp. de la Viuda de Orga, Plazuela del Biombo)
300 ## - DESCRIPCIÓN FÍSICA
Extensión 123 p. ;
Dimensiones 22 cm.
596 ## - NOTA AL PIE DE IMPRENTA
NOTA AL PIE DE IMPRENTA Fecha aproximada, deducida de las características del documento
610 24 - PUNTO DE ACCESO ADICIONAL DE MATERIA--NOMBRE DE ENTIDAD CORPORATIVA
Nombre de entidad corporativa o nombre de jurisdicción como elemento de entrada Ateneo de Madrid-
Subdivisión de forma Conferencias-
Subdivisión cronológica S.XIX.
9 (RLIN) 1910
650 #4 - PUNTO DE ACCESO ADICIONAL DE MATERIA--TÉRMINO DE MATERIA
Término de materia o nombre geográfico como elemento de entrada Cristianismo y civilización.
9 (RLIN) 11433
700 1# - ENTRADA AGREGADA--NOMBRE PERSONAL
Nombre de persona Dubrois, Anselme.
9 (RLIN) 126854
852 4# - LOCALIZACIÓN
Ubicación ES-MaACL
Número de control de estantería T-191-F-6
Nota libre - Enc. hol.
-- - Dedicatoria autógrafa del autor
Holdings
Estatus retirado Estado de pérdida Estado de daño No para préstamo Colección Biblioteca de origen Biblioteca actual Ubicación en estantería Fecha de adquisición Total de préstamos Signatura topográfica completa Código de barras Visto por última vez Precio de reemplazo Tipo de ítem Koha
        Colección de folletos Biblioteca del Ateneo de Madrid Biblioteca del Ateneo de Madrid Depósito folletos 17/01/2008   T-191-F-6 1174583 23/02/2023 23/02/2023 Folleto